| 000 | 01520nam0a2200373 4500 | ||
|---|---|---|---|
| 001 | RU\NLR\BIBL_A\022640021 | ||
| 005 | 20260311152632.0 | ||
| 010 |
_a978-5-16-113737-6 _bИНФРА-М, online |
||
| 010 |
_a978-5-16-021034-6 _bИНФРА-М, print |
||
| 010 |
_a978-5-00156-446-1 _bНорма _9100 |
||
| 021 |
_aRU _bКН-П-25-043199 _9КН-П-25-4204 |
||
| 035 | _a(NLR Aleph) 022640021 | ||
| 090 |
_a13632551 _c13632551 |
||
| 100 | _a20251009d2025 k y0rusy50 ca | ||
| 101 | 0 | _arus | |
| 102 | _aRU | ||
| 105 | _ay z 000yy | ||
| 181 | 0 |
_ai _baxxe |
|
| 182 | 0 | _an | |
| 200 | 1 |
_aУстные международные договоры _eмонография _fЮ. С. Ромашев |
|
| 203 |
_aТекст _bвизуальный _cнепосредственный |
||
| 210 |
_aМосква _cНорма _cИНФРА-М _d2025 |
||
| 215 |
_a157, [1] _d22 |
||
| 300 | _aНа обороте тит. с. авт.: Ромашев Ю. С.– д-р юрид. наук, проф. | ||
| 300 | _aНа обороте тит. с.: Электрон.-библ. система znanium.com | ||
| 301 | _aDOI 10.12737/2211267 | ||
| 320 | _aБиблиогр.: с. 153–157 и в подстроч. примеч. | ||
| 606 | 1 |
_aМеждународные договоры _2nlr_sh1 _2nlr_sh2 _3RU\NLR\AUTH\664294 |
|
| 686 | 1 | _aХ914-0 | |
| 700 | 1 |
_aРомашев _bЮ. С. _gЮрий Сергеевич |
|
| 942 | _cBOOK | ||
| 980 | _aNB | ||